[Event "Challenge"]
[Site "http://www.queenalice.com/game.php?id=79874"]
[Date "2006.6.24"]
[Round "-"]
[White "ricardoshima"]
[Black "cliftonm"]
[Result "1-0"]
[WhiteElo "1831"]
[BlackElo "1820"]

1. d4 d5 2. Nc3 Nc6 3. Nf3 Bf5 4. a3 Nf6 5. Bf4 a6 6. e3 e6 7. Bd3 Ne4 8. Bxe4
dxe4 9. Ng5 h6 10. Ngxe4 g5 11. Bg3 Bg7 12. O-O h5 13. h3 g4 14. h4 Bg6 15. b4
b6 16. Qe2 f5 17. Ng5 Bf6 18. Bf4 Bf7 19. Qc4 Qd7 20. Nxf7 Kxf7 21. a4 a5 22. b5
Nb4 23. Qxc7 Qxc7 24. Bxc7 Bd8 25. Bxd8 Rhxd8 26. Rfc1 Rac8 27. Na2 Nxc2 28.
Rab1 Na3 29. Rxc8 Rxc8 30. Rc1 Rc4 31. Rxc4 Nxc4 32. Kf1 Nb2 33. Nc3 Ke7 34. Ke2
Nc4 35. f3 Nd6 36. fxg4 hxg4 37. g3 Kf6 38. Kd3 e5 39. d5 e4+ 40. Kd4 Nf7 41.
Ne2 Ne5 42. Nf4 Nf3+ 43. Kc3 Ke5 44. h5 Ng5 45. Kc4 Nf7 46. Ng6+ Kf6 47. Kd4 Ng5
48. d6 Ke6 49. Ne7 Nf3+ 50. Kc3 Ne5 51. h6 1-0

[Event "AUTO-MASTER-170"]
[Site "http://www.queenalice.com/game.php?id=80080"]
[Date "2006.6.25"]
[Round "1"]
[White "cliftonm"]
[Black "dalcheco"]
[Result "0-1"]
[WhiteElo "1718"]
[BlackElo "1483"]

1. e4 Nf6 2. Nc3 e5 3. Nf3 Nc6 4. Bc4 Bb4 5. d3 a6 6. Bd2 h6 7. Nd5 Bc5 8. h3
Nxd5 9. Bxd5 Qf6 10. c3 Ne7 11. b4 Bb6 12. Bb3 Ng6 13. c4 c5 14. a3 Nh4 15. Nxh4
Qxh4 16. Be3 d6 0-1

[Event "AUTO-MASTER-170"]
[Site "http://www.queenalice.com/game.php?id=80081"]
[Date "2006.6.25"]
[Round "1"]
[White "dalcheco"]
[Black "cliftonm"]
[Result "1-0"]
[WhiteElo "1513"]
[BlackElo "1718"]

1. d4 d5 2. Nc3 Bf5 3. g3 Nc6 4. Bg2 e6 5. e4 dxe4 6. Bxe4 Bxe4 7. Nxe4 Qxd4 8.
Qxd4 Nxd4 9. Kf1 Nxc2 10. Rb1 O-O-O 11. Bf4 Nb4 12. Rc1 Nd5 13. Nf3 Nxf4 14.
gxf4 Bd6 15. Nxd6+ Rxd6 16. Rg1 g6 17. Ne5 1-0

[Event "AUTO-MASTER-170"]
[Site "http://www.queenalice.com/game.php?id=80082"]
[Date "2006.6.25"]
[Round "1"]
[White "cliftonm"]
[Black "allexxxanddre"]
[Result "1-0"]
[WhiteElo "1818"]
[BlackElo "1496"]

1. d4 d5 2. Nc3 Nf6 3. Bf4 e6 4. Nb5 Na6 5. e3 c6 6. Nc3 Bd6 7. Bg5 h6 8. Bh4 g5
9. Bg3 O-O 10. a3 c5 11. Bxa6 bxa6 12. Qf3 Bb7 13. Bxd6 Qxd6 14. Qxf6 1-0

[Event "AUTO-MASTER-170"]
[Site "http://www.queenalice.com/game.php?id=80083"]
[Date "2006.6.25"]
[Round "1"]
[White "allexxxanddre"]
[Black "cliftonm"]
[Result "0-1"]
[WhiteElo "1571"]
[BlackElo "1808"]

1. d4 d5 2. c4 e6 3. Nc3 Bb4 4. Nf3 Nf6 5. e3 Ne4 6. Qa4+ Nc6 7. Bd2 Nxd2 8.
Nxd2 Bd7 9. Qc2 dxc4 10. Bxc4 a6 11. a3 Be7 12. O-O g6 13. Nce4 f5 14. Nc5 Bxc5
15. dxc5 Ne5 16. Qc3 Qf6 17. f4 Ng4 18. Qd3 Rd8 19. Qe2 b5 20. Ba2 Qxb2 21. h3
Nf6 22. Rfb1 Qxa3 23. Rb3 Qxc5 24. Kh1 Bc6 25. Rd3 Rxd3 26. Qxd3 Ke7 27. Nb3 Qd5
28. Qxd5 Nxd5 29. Nd4 Bb7 30. Re1 Kd6 31. e4 Nxf4 32. e5+ Ke7 33. Rc1 Rc8 34.
Nc6+ Kd7 35. Nd4 Bxg2+ 36. Kh2 Bb7 37. Rd1 Ke7 38. Kg3 g5 39. h4 h6 40. hxg5
hxg5 41. Rh1 c5 42. Rh7+ Kd8 43. Rh8+ Kc7 44. Rh7+ Kb6 45. Nxe6 Nxe6 46. Bxe6
Re8 0-1

[Event "AUTO-MASTER-170"]
[Site "http://www.queenalice.com/game.php?id=80084"]
[Date "2006.6.25"]
[Round "1"]
[White "cliftonm"]
[Black "razoman"]
[Result "1-0"]
[WhiteElo "1805"]
[BlackElo "1914"]

1. Nf3 Nf6 2. b3 g6 3. Bb2 Bg7 4. d4 d5 5. g3 O-O 6. Bg2 Bf5 7. O-O Nc6 8. c3
Qd7 9. Nbd2 Bh3 10. Re1 Bxg2 11. Kxg2 h5 12. e4 dxe4 13. Nxe4 Nxe4 14. Rxe4 Qd5
15. Qe2 Rfe8 16. Rd1 Rad8 17. Bc1 e5 18. Kg1 f5 19. Re3 e4 20. Ng5 Re7 21. c4
Qa5 22. d5 Nd4 23. Qd2 Qxd2 24. Rxd2 c5 25. Rd1 Bf6 26. h4 Red7 27. f4 exf3 28.
Nxf3 Nxf3+ 29. Rxf3 Re8 30. Be3 b6 31. Kf2 Re4 32. Re1 Kf7 33. Re2 Be5 34. Bf4
Bxf4 35. Rxe4 Bxg3+ 36. Kxg3 1-0

[Event "AUTO-MASTER-170"]
[Site "http://www.queenalice.com/game.php?id=80085"]
[Date "2006.6.25"]
[Round "1"]
[White "razoman"]
[Black "cliftonm"]
[Result "1-0"]
[WhiteElo "1885"]
[BlackElo "1822"]

1. e4 e5 2. Nf3 Nf6 3. Nxe5 d6 4. Nf3 Nxe4 5. d3 Nc5 6. Nc3 Be6 7. d4 Ncd7 8.
Bd3 d5 9. O-O c5 10. Be3 c4 11. Be2 a6 12. a3 h6 13. Qd2 Bd6 14. Rfe1 Qc7 15. h3
Nc6 16. Bf1 g5 17. Bxc4 dxc4 18. d5 Nce5 19. Nxe5 Nxe5 20. dxe6 fxe6 21. Qe2
O-O-O 22. Bd4 Rhf8 23. Bxe5 Qc5 24. Bxd6 Qxd6 25. Qxe6+ Qxe6 26. Rxe6 Rd2 27.
Re2 Rd6 28. Rae1 Kd7 29. Ne4 Rb6 30. Nc5+ Kc6 31. Na4 Rb5 32. Re4 1-0

[Event "QA-ANNIV-02"]
[Site "http://www.queenalice.com/game.php?id=91048"]
[Date "2006.7.31"]
[Round "2"]
[White "tpstar"]
[Black "cliftonm"]
[Result "1-0"]
[WhiteElo "2101"]
[BlackElo "1788"]

1. e4 e5 2. Nf3 Nc6 3. Bb5 d6 4. d4 Bd7 5. Nc3 f6 6. dxe5 dxe5 7. Be3 Bb4 8. O-O
Nge7 9. Nd5 Nxd5 10. Qxd5 a6 11. Ba4 Qe7 12. a3 Bd6 13. c4 Qe6 14. Rad1 O-O-O
15. Bxc6 bxc6 16. Qd3 c5 17. Qc3 Be7 18. b4 cxb4 19. axb4 Bc6 20. Nd2 Bb7 21. f3
h5 22. Nb3 h4 23. h3 g5 24. b5 Rxd1 25. Rxd1 Rd8 26. Ra1 axb5 27. cxb5 c6 28.
Na5 Kc7 29. Nxb7 1-0

[Event "AUTO-OPEN-357"]
[Site "http://www.queenalice.com/game.php?id=95605"]
[Date "2006.8.14"]
[Round "1"]
[White "Bongski"]
[Black "cliftonm"]
[Result "1-0"]
[WhiteElo "2004"]
[BlackElo "1785"]

1. e4 e5 2. Bc4 Bc5 3. Qh5 Qf6 4. Nf3 d6 5. Nc3 c6 6. O-O g6 7. Qg5 Qg7 8. d3 h6
9. Qg3 f5 10. exf5 Bxf5 11. Be3 Bxe3 12. fxe3 Nd7 13. e4 1-0

[Event "AUTO-OPEN-357"]
[Site "http://www.queenalice.com/game.php?id=95606"]
[Date "2006.8.14"]
[Round "1"]
[White "cliftonm"]
[Black "Bongski"]
[Result "0-1"]
[WhiteElo "1738"]
[BlackElo "1969"]

1. e4 c5 2. Bc4 e6 3. Qf3 Nc6 4. Ne2 Nf6 5. d3 a6 6. Bg5 Be7 7. Ng3 h6 8. Bxf6
Bxf6 9. c3 Ne5 10. Qe2 O-O 11. Nd2 b5 12. Bb3 Bb7 0-1

[Event "AUTO-ADV-229"]
[Site "http://www.queenalice.com/game.php?id=95846"]
[Date "2006.8.14"]
[Round "1"]
[White "cliftonm"]
[Black "Ewaldinho"]
[Result "0-1"]
[WhiteElo "1815"]
[BlackElo "1905"]

1. d4 Nf6 2. Nf3 d5 3. e3 g6 4. h3 Bg7 5. c4 O-O 6. c5 c6 7. Bd2 Nbd7 8. Bd3 Re8
9. Nc3 e5 10. Nxe5 Nxe5 11. dxe5 Rxe5 12. Qc2 d4 13. Ne4 Nxe4 14. Bxe4 dxe3 15.
Bxe3 Qh4 16. Bf3 Rxe3+ 0-1

[Event "AUTO-ADV-229"]
[Site "http://www.queenalice.com/game.php?id=95847"]
[Date "2006.8.14"]
[Round "1"]
[White "Ewaldinho"]
[Black "cliftonm"]
[Result "1-0"]
[WhiteElo "1936"]
[BlackElo "1802"]

1. d4 d5 2. c4 Nf6 3. Nc3 e6 4. Bg5 h6 5. Bxf6 Qxf6 6. cxd5 Bb4 7. Qa4+ c6 8.
Qxb4 exd5 9. Nf3 Nd7 10. e3 Nb6 11. Na4 Nxa4 12. Qxa4 O-O 13. Bd3 a6 14. O-O g6
15. Qb3 b5 16. Ne5 Qd6 17. Rfc1 1-0

[Event "AUTO-ADV-229"]
[Site "http://www.queenalice.com/game.php?id=95848"]
[Date "2006.8.14"]
[Round "1"]
[White "cliftonm"]
[Black "Capivarao"]
[Result "0-1"]
[WhiteElo "1802"]
[BlackElo "1854"]

1. e4 e5 2. Nf3 Nc6 3. Bc4 Bc5 4. d3 Nf6 5. Ng5 O-O 6. Nc3 h6 7. Nh3 d6 8. Nd5
Nxd5 9. Bxd5 Bxh3 10. gxh3 Qh4 0-1

[Event "AUTO-ADV-229"]
[Site "http://www.queenalice.com/game.php?id=95849"]
[Date "2006.8.14"]
[Round "1"]
[White "Capivarao"]
[Black "cliftonm"]
[Result "1-0"]
[WhiteElo "1831"]
[BlackElo "1751"]

1. e4 e5 2. Nf3 Nc6 3. Bb5 Nge7 4. O-O a6 5. Ba4 b5 6. Bb3 f6 7. d4 exd4 8. Nxd4
Bb7 9. Nf5 Ne5 10. Nxe7 Qxe7 11. Nc3 c5 12. Bd5 Bxd5 13. Nxd5 1-0